Quizzes
Events
Quiz Creation
Community
Videos
Private Events
Remove Ads
Sign In
Join for FREE
Feedback
Dark Mode
Quiz Categories
Sports
Geography
Music
Movies
Television
Just For Fun
Miscellaneous
History
Literature
Language
Science
Gaming
Entertainment
Religion
Holiday
For Kids
Quiz Lab
Recent
Popular Today
Quiz Kudos Today
Editor Picks
Curator Picks
Quizzes by...
Day
Popularity
Type
Ratings
Length
Year
Community
Subscriptions
Recent Discussions
Orange Saloon
Badges
Playlists
Quests
Create
Leaderboards
Showdown
Live 5
Trivia Bingo
Activity
Puzzle Library
Sporcle Events
Private Events
Virtual Trivia
Globe League
Become a Host
Pub Owners
SporcleCon
Opinionation
Our Games
Videos
Blog
Mobile Apps
Partnerships
Remove Ads and Go Orange
Feedback
Miscellaneous
Crossword
General Knowledge
Baby Names
Logo
Food
Cars
Numbers
Grab Bag
University
College
Popular
Company
Slogans
Restaurants
Justice
Letter
Miscellaneous
Crossword
General Knowledge
Baby Names
Logo
Food
Cars
Numbers
Grab Bag
University
College
Popular
Company
Slogans
Restaurants
Justice
Letter
Random Quiz
Search Sporcle
×
Quiz Lab
Quiz Lab
Miscellaneous
Harry Potter
Type in answers that appear in a list
Type in answers that appear in a list
Classic
Best Score? Go Orange.
Harry Potter ultimate trivia Stats
Can you name the Harry Potter ultimate trivia
By
ollivander
20m
100 Questions
605 Plays
605 Plays
605 Plays
Comments
Comments
Give Quiz Kudos
Give Quiz Kudos
-
- Ratings
hide this ad
Wrong Answers
Some wrong answers will appear in red
Some wrong answers will appear in red
Random Order
Randomize order of answers
Randomize order of answers
Replay
Link that replays current quiz
Next Quiz
Link to next quiz in quiz playlist
You Got
0%
They Got
Avg Score
68%
Avg Friend Score
Upgrade to see
Score Distribution
Jump to the score distribution portion of the page
Score
0/100
Timer
20:00
0
Plays Today
Hint
Answer
% Correct
Who said this quote? 'It does not do to dwell on dreams and forget to live.'
???
84.6%
Malfoy was supposed to kill who for Voldemort?
???
84.6%
True or False. J.K. Rowling regrets the relationship between Ron and Hermione.
???
82.5%
True or False. J.K. Rowling based the Dementors off of her depression.
???
82.5%
What did Harry's boggart turn into?
???
82.3%
Who's face was burnt out of the Black family tree?
???
82.1%
Who was the master of Kreacher when RAB died?
???
82.1%
Who was known as Padfoot?
???
82.1%
Who injured George's ear?
???
81.5%
What is Neville's boggart?
???
81.5%
Who did Harry originally ask to the Yule ball?
???
81.2%
Hagrid is half what?
???
81.2%
Harry's first kiss was with who?
???
81.2%
Her father is the maker of the Quibbler
???
79.5%
Who said this? 'You're just as sane as I am.'
???
79.5%
Who was known as Wormtail?
???
79.3%
Who was the prefect of Slytherin house?
???
78.8%
Who offered Harry their friendship and was denied on the Hogwarts express because he only wanted friendship because his father believed Harry was a dark wizard?
???
78.8%
What role does Harry play in Quidditch?
???
78.3%
Who is known as Prongs?
???
78.2%
House known for having members who later get involved in dark arts
???
78.2%
House known for wit, learning, and wisdom
???
77.5%
Harry ends up marrying who?
???
77.4%
Voldemort thought the Elder Wand belonged to Snape, when really it belonged to who?
???
77.4%
Who held a crucial memory about Voldemort asking questions about horcrux's?
???
77.4%
Considered to be the most powerful auror of all time.
???
76.9%
Had one revolving eye
???
76.9%
Who is known as Moony?
???
76.9%
What house is mainly known for courage?
???
76.9%
Who was the master of Dobby before he was freed?
???
76.7%
What house is mainly known for fair play and hard work?
???
76.4%
Spell to disarm
???
76%
What creatures blood gives one eternal life?
???
75.9%
What color are Harry's eyes?
???
75.9%
Hint
Answer
% Correct
Spell to light a wand
???
75.7%
Name of the hippogriff in Harry Potter and the Prisoner of Azkaban
???
75.7%
What army did Harry become leader of when Umbridge began to take over Hogwarts?
???
75.7%
Who had 'I must not tell lies' engraved in Harry's skin by a special quill?
???
75.7%
Who used a time turner necklace so he/
she could take more classes than they had time for?
???
75.5%
The cloak of invisibility, the elder wand, and the resurrection stone are all known as what?
???
75.4%
Hermione went to the Yule Ball with who?
???
75.2%
Who killed Bellatrix?
???
75.2%
What is Harry's blood status?
???
75.2%
Hagrid's dogs name
???
74.7%
Who taught Harry how to conjure a Patronus?
???
74.7%
Who or what killed Snape?
???
74.7%
Last name of the professor of Herbology
???
74.7%
Gryffindor house ghost
???
74.4%
Most faithful member of Voldemort's Army
???
73.9%
What event was Harry put into underage by Barty Crouch Jr.?
???
73.6%
Where did Hermione first meet Harry and Ron?
???
73.4%
Harry's son's full name
???
73.2%
The Weasley's first son
???
73.2%
Who is the gamekeeper at Hogwarts while he is around?
???
73.1%
What is Neville's toads name?
???
72.9%
Potion that needs hair
???
72.1%
Who made Harry's wand?
???
72.1%
How many pieces did Voldemort split his soul into?
???
71.9%
How many points is a golden snitch worth?
???
71.9%
Igor Karkaroff is the headmaster of what school?
???
70.7%
Who is known to be a very self absorbed person who attempted to put a memory charm on Harry and Ron and had it backfired on himself?
???
70.4%
What is Ron's boggart?
???
70.2%
What plant squeals when it is taken out of its soil?
???
70.1%
Bellatrix Lestrange's sister
???
69.8%
The Leaky Cauldron is at the entrance of what place?
???
69.8%
Voldemort's birth name
???
69.6%
Ravenclaw house ghost
???
68.8%
Spell to get something you can't find
???
68.6%
Hint
Answer
% Correct
What did Lupin and Tonks name their child?
???
68.1%
Hufflepuff member who was killed by Wormtail
???
68.1%
The shrieking shack is connected to what
???
67.8%
What is Minerva McGonagall's patrons?
???
67.6%
What Slytherin attempted to Kill Harry with Fiendfyre and ended up killing himself?
???
67.1%
In what country is Hogwarts?
???
66.8%
Flying creatures you can only see if you have witnessed death
???
66%
Who was the reason Snape ever made a promise to try to protect Harry in the first place?
???
66%
What vehicle does Stan Shunpike drive?
???
66%
Who was the potions master at Hogwarts in Harry's sixth year?
???
64.6%
Was an original member if the Order of the Phoenix and later had a reputation as a thief
???
63.1%
Werewolf who bit Lupin
???
62.3%
Dumbledore's patronus
???
62%
Who betrayed Lily and James's hiding spot?
???
62%
Who created the prophecy that was the reason Voldemort wanted to kill Harry?
???
62%
Author of 'A History of Magic'
???
62%
Sucking out a person/
wizard's soul
???
59.5%
Who was killed by a Basilisk under Voldemort's orders?
???
55.9%
What is Luna's Patronus?
???
55.5%
Who helped misdirect the Ministry from finding Sirius Black and worked undercover in the Order of the Phoenix.
???
50.7%
What two teachers severely discipline students that think Voldemort is a bad guy?
???
49.6%
Sirius and what other character died laughing?
???
47.4%
What is Nymphadora's Patronus?
???
46.3%
What death eater was Remus killed by?
???
43.6%
Who was head of the Department of Magical Law Enforcement when Voldemort was in control of the Ministry of Magic?
???
37.7%
When Harry freed Dobby from Lucius Malfoy's control, what curse did Lucius attempt on Harry?
???
34.9%
Madam Pomfrey has what job at Hogwarts?
???
33.6%
Lord Voldemort promises fairness to what creatures to get them to fight along side him?
???
24.1%
What type of wand did Lucius Malfoy have?
???
21.8%
Harry's trademark spell
???
21.7%
Lord Voldemort's boggart turns into what?
???
16.4%
Name of the Harry Potter theme song
???
0.5%
Quiz Playlist
Details
Report
Send in Message
Add To Playlist
Classic:
Type in answers that appear in a list
Wrong Answers:
Some wrong answers will appear in red
Random Order:
Randomize order of answers
Last Updated: Feb 16, 2017
Quiz Scoreboard
CHALLENGE
Sign Up to Join the Scoreboard
Show All
Scores
Hide
Comments
May contain spoilers
Recently Published
Popular People in 1961
by mucciniale
History
6m
1-10 Letter E Words III
by El_Dandy
Language
2m
One Thing in Common: World Cities II
by knightlancer
Geography
7m
More to Explore
Quiz From the Vault
Featured Blog Post
Where Did the Easter Bunny Come From?
hide this ad
You Might Also Like...
Tags
Harry Potter Quiz
Book Series
fictional
Fictional Characters
magic
magical
Magical Creatures
Questionnaire
Trivial Pursuit
ultimate
Today's Top Quizzes in Miscellaneous
Browse Miscellaneous
hide this ad
Today's Top Quizzes in Harry Potter
Browse Harry Potter
Top Contributed Quizzes in Miscellaneous
1
The JOE quick-fire general knowledge quiz: Day 173
2
The JOE quick-fire general knowledge quiz: Day 172
3
Sunday Crossword: Famous Bodies of Water
4
The JOE quick-fire general knowledge quiz: Day 171
5
One Thing in Common: United Kingdom II
6
Named After an Animal - Odd One Out!
7
sort kpop groups by number of members
8
The JOE quick-fire quiz: Day 170
9
Sunday Crossword: Themeless #5
10
Lays Potato Chip Flavour Contest Finalists
Explore More
Trending Topics
NBA
Disney
Kpop
Crossword
Marvel
Anime
Harry Potter
Pokémon
WWE
Song
Puzzle
NFL
Soccer
The Office
Country
hide this ad
More By:
ollivander
Quiz
Plays
Rating
Category
Featured
Created
Harry Potter ultimate trivia
605
2.86
Miscellaneous
Feb 12, 2014
Go to Creator's Profile
Score Distribution
Quiz Creator Spotlight
ollivander
Follow
Send a Message
Quizzes Created
-
Created Quiz Play Count
-
More By This Creator
Popular Quizzes Today
1
Find the US States - No Outlines Minefield
2
Find the Countries of Europe - No Outlines Minefield
3
The Countries of the World
4
Popular People in 1961
5
1-10 Letter E Words III
6
Find the US States
7
US States
8
One Thing in Common: World Cities II
More Miscellaneous Quizzes
Shakespeare or Taylor Swift
Published
Trending Quizzes
Risky Map Clicking: Least Populous States A-Z
1-10 Letter F Words
1-10 Letter G Words
One Thing in Common: United Kingdom
Risky Map Clicking: Next State Alphabetically
Recently Updated
Leaping Animals
pecheneg
Reality TV Shows (A-Z)
bhenderson79
Rickey Henderson's Hall of Fame Teammates
pecheneg
Champions League XIs: Arsenal
pecheneg
Quick Pick: Celebrities in WWE's Hall of Fame
aduchscher
A-Z Keypad Blitz II
pecheneg
Multiple Oscar Actors
pecheneg
Mystery Phrase Blitz: Oscar 'Best Actors'
pecheneg
F. Scott Fitzgerald Novels
LTH
Pick 3 Villains
ddd62291
Trending Topics
Crossword
NBA
Marvel
Kpop
Anime
Disney
Harry Potter
Puzzle
Country
NFL
Soccer
Pokémon
The Office
Song
WWE
Your Account Isn't Verified!
In order to create a playlist on Sporcle, you need to verify the email address you used during registration. Go to your
Sporcle Settings
to finish the process.
Report this User
Report this user for behavior that violates our
Community Guidelines
.
Details:
Send Report
Go to the Sporcle.com Mobile Site →
Comments